| 000 | 00364nam a2200133Ia 4500 | ||
|---|---|---|---|
| 008 | 230917s9999||||xx |||||||||||||| ||und|| | ||
| 040 |
_e159259 _aMAIN |
||
| 041 | _aEnglish | ||
| 082 | _a954.5 M919R | ||
| 100 | _aMumtaz | ||
| 245 | 0 | _aRole of the press in India's national movement (1885-1916): A case study of Punjab province | |
| 300 | _a341 p. | ||
| 942 | _cTH | ||
| 999 |
_c125128 _d125128 |
||